000 00445nam a2200181Ia 4500
001 16213
005 20260306170253.0
008 260306t2017||||xx |||||||||||||| ||und||
041 _aESP
082 _a347.4
_bN89
100 _aPlaza Pendés, Javier
_eAUT
245 0 _aNuevos retos jurídicos de la sociedad digital
260 _c2017
300 _a386 páginas :
_c22 cm.
650 _aGEN
654 _aCDE
942 _cLIB
_dJUS
_fJUS
_2ddc
_n
999 _c16213
_d16213